000 01234nam a22003137a 4500
001 BD-DhSAU 9032
003 BD-DhSAU
005 20190515141617.0
008 150612b2017 bg a||||r|||| 000 0 eng d
040 _aBD-DhSAU
082 _222
_a631.4
_bAk79
100 _a Akter , Mahmuda
_4Registration No: 12-05048
245 _aEffect of Biochar on the growth and yield of Wheat (Triticum aestivum L) under reduced irrigated condition /
_c Akter , Mahmuda
_bMs Thesis
260 _aSher-e- Bangla Agricultural University :
_bDepartment of Soil science,
_c2017.
300 _axi , 83 p. :
_bill. ,
_c30 cm.
500 _aMS thesis , Department of Soil Science, Faculty of Agriculture, Sher-e-Bangla Agricultural University, Dhaka, Bangladesh
504 _aIncludes bibliographical references.
590 _aShofi
650 _aSoil Science
650 _aEffect
650 _aBiochar
650 _aGrowth and yield
650 _a Wheat (Triticum aestivum L)
650 _aReduced irrigated condition
700 _aJahan , Mst. Afrose
_eSupervisor
700 _aPaul , Alok Kumar
_eCo-Supervisor
856 _uhttp://archive.saulibrary.edu.bd:8080/xmlui/handle/123456789/2487
_yOnline Access
942 _2ddc
_cTHESIS
999 _c14652
_d14651